000 01576cam a22001814a 4500
005 20250605163928.0
008 250528s ||||||||||||||||||||||||d
035 _a14600
040 _aGR-AtMCL
_bgre
_dGR-AtMCL
_eAACR2
245 1 _aΨυχολογία της Νοημοσύνης
260 _bΑθήνα,
_c1983
300 _a208
520 _aΠρόλογος, Γενική Εξέταση της Νοημοσύνης, Έννοια της Νοημοσύνης, Μορφές της Νοημοσύνης, Γενετική Εξέταση της Νοημοσύνης, Έρευνες και Συμπεράσματα του Boutan, Έρευνες και Συμπεράσματα του Kohler, Έρευνες και Συμπεράσματα του Gottschaldt, Έρευνες και Συμπεράσματα του Rey, Έρευνες και Συμπεράσματα του Piaget, Μέτρηση της Νοημοσύνης, Τα Tests, Το Test Binet-Simon, Το Test Stanford-Binet, Το Test Terman-Merrill, Το Test Goodenough, Το Test Πνευματικής Ωριμότητας, Οι Λαβύρινθοι Porteus, Οι Κύβοι Kohs, Το Test Raven, Το Test Wechsler, Η Ανεπαρκής Νοημοσύνη, Η Νοητική Καθυστέρηση, Βιβλιογραφία, Πίνακας Όρων, Πίνακας Ονομάτων, Πίνακας Περιεχομένων, Επιστημονικές Εργασίες του Συγγραφέα.
700 1 _aΚρασανάκης Γεώργιος Α
_9325
942 _cBK
999 _c224
_d224